| 000 | 00403nam a2200169 a 4500 | ||
|---|---|---|---|
| 001 | 2047 | ||
| 003 | CDMR | ||
| 005 | 20131002163607.0 | ||
| 008 | 130130s1986||||||||||||||||||||||||||||d | ||
| 020 | _a2207232158 | ||
| 040 |
_aCDMR _bcat _cCDMR |
||
| 100 | 1 |
_aFreches, José _91523 |
|
| 245 | 1 | 3 |
_aLa guerre des images _cJosé Frèches |
| 260 |
_aParis _c1986 _bDenoël |
||
| 300 | _a173 p. | ||
| 942 |
_cMON _2udc |
||
| 999 |
_c2047 _d2047 |
||